000 00382cam a2200145ua 4500
041 _aeng
_h
082 _a824
_bRUS/SE
100 _aRuskin, .
245 _asesame and littles the two paths the king of the Golden /
_cRuskin.
_hTextual Documents
260 _aLondon :
_bJ M Dent and Sons Ltd ,
_c1960.
300 _a300 ; .
504 _a
942 _cBK
999 _c12479
_d12479